[Event "DVM U20 2020"]
[Site "Willingen GER"]
[Date "2021.06.26"]
[Round "6"]
[White "Falke, Philipp"]
[Black "Martin, Richard"]
[Result "0-1"]
[Termination "normal"]
[Board "5.5"]
[WhiteElo "1334"]
[BlackElo "1923"]
[WhiteClock "00:35:49"]
[BlackClock "00:59:05"]
[WhiteTeam "Post SV Uelzen"]
[BlackTeam "OSG Baden-Baden"]
[PlyCount "52"]
[WhiteFideId "16294696"]
[BlackFideId "12925691"]
[EventCountry "GER"]
[EventRounds "7"]
[EventType "team-swiss"]
[EventDate "2021.06.23"]

1. e4 {[%clk 01:30:48]} {[%emt 00:00:10]} c5 {[%clk 01:30:55]} {[%emt
00:00:06]} 2. Nf3 {[%clk 01:30:45]} {[%emt 00:00:33]} d6 {[%clk 01:31:22]}
{[%emt 00:00:04]} 3. d4 {[%clk 01:31:02]} {[%emt 00:00:13]} cxd4 {[%clk
01:31:49]} {[%emt 00:00:03]} 4. Nxd4 {[%clk 01:31:24]} {[%emt 00:00:07]} Nf6
{[%clk 01:32:15]} {[%emt 00:00:03]} 5. Nc3 {[%clk 01:31:39]} {[%emt 00:00:16]}
a6 {[%clk 01:32:40]} {[%emt 00:00:05]} 6. Be3 {[%clk 01:31:17]} {[%emt
00:00:52]} e5 {[%clk 01:33:02]} {[%emt 00:00:08]} 7. Nf3 {[%clk 01:31:27]}
{[%emt 00:00:20]} Be6 {[%clk 01:33:18]} {[%emt 00:00:13]} 8. Be2 {[%clk
01:30:41]} {[%emt 00:01:17]} h6 {[%clk 01:32:59]} {[%emt 00:00:50]} 9. O-O
{[%clk 01:28:33]} {[%emt 00:02:39]} Be7 {[%clk 01:33:24]} {[%emt 00:00:05]} 10.
Nd2 {[%clk 01:26:01]} {[%emt 00:03:01]} O-O {[%clk 01:30:24]} {[%emt 00:03:30]}
11. f4 {[%clk 01:23:29]} {[%emt 00:03:02]} exf4 {[%clk 01:26:20]} {[%emt
00:04:34]} 12. Bxf4 {[%clk 01:23:16]} {[%emt 00:00:42]} Qb6+ {[%clk 01:25:12]}
{[%emt 00:01:38]} 13. Kh1 {[%clk 01:22:05]} {[%emt 00:01:42]} Qxb2 {[%clk
01:25:25]} {[%emt 00:00:17]} 14. Rf3 {[%clk 01:16:34]} {[%emt 00:06:01]} Qb6
{[%clk 01:17:34]} {[%emt 00:08:20]} 15. Rb1 {[%clk 01:12:13]} {[%emt 00:04:53]}
Qc7 {[%clk 01:17:30]} {[%emt 00:00:32]} 16. Rd3 {[%clk 01:01:19]} {[%emt
00:11:25]} Nc6 {[%clk 01:15:01]} {[%emt 00:02:59]} 17. Qe1 {[%clk 00:54:33]}
{[%emt 00:07:16]} Ne5 {[%clk 01:12:23]} {[%emt 00:03:07]} 18. Rg3 {[%clk
00:50:22]} {[%emt 00:04:41]} Ng6 {[%clk 01:10:21]} {[%emt 00:02:33]} 19. Qf2
{[%clk 00:47:53]} {[%emt 00:02:59]} Rac8 {[%clk 01:06:57]} {[%emt 00:03:53]}
20. Nb3 {[%clk 00:41:23]} {[%emt 00:07:01]} Nxe4 {[%clk 00:57:06]} {[%emt
00:10:19]} 21. Nxe4 {[%clk 00:39:49]} {[%emt 00:02:05]} Qxc2 {[%clk 00:57:31]}
{[%emt 00:00:07]} 22. Bd3 {[%clk 00:39:16]} {[%emt 00:01:01]} Qxf2 {[%clk
00:57:54]} {[%emt 00:00:09]} 23. Nxf2 {[%clk 00:39:15]} {[%emt 00:00:28]} Nxf4
{[%clk 00:58:21]} {[%emt 00:00:04]} 24. h3 {[%clk 00:36:32]} {[%emt 00:03:13]}
Nxd3 {[%clk 00:58:34]} {[%emt 00:00:17]} 25. Rxd3 {[%clk 00:36:42]} {[%emt
00:00:19]} Rc2 {[%clk 00:58:56]} {[%emt 00:00:08]} 26. Rd2 {[%clk 00:35:49]}
{[%emt 00:01:24]} Bxb3 {[%clk 00:59:05]} {[%emt 00:00:21]} 0-1

[Event "DVM U20 2020"]
[Site "Willingen GER"]
[Date "2021.06.26"]
[Round "6"]
[White "Stankovic, David"]
[Black "Schulze, Max Peter"]
[Result "1-0"]
[Termination "normal"]
[Board "5.6"]
[WhiteElo "1314"]
[BlackElo "1125"]
[WhiteClock "01:18:09"]
[BlackClock "00:03:49"]
[WhiteTeam "OSG Baden-Baden"]
[BlackTeam "Post SV Uelzen"]
[PlyCount "83"]
[WhiteFideId "16240685"]
[BlackFideId "16272200"]
[EventCountry "GER"]
[EventRounds "7"]
[EventType "team-swiss"]
[EventDate "2021.06.23"]

1. e4 {[%clk 01:30:57]} {[%emt 00:00:03]} e6 {[%clk 01:30:46]} {[%emt
00:00:14]} 2. d4 {[%clk 01:31:16]} {[%emt 00:00:11]} d5 {[%clk 01:31:06]}
{[%emt 00:00:10]} 3. Nc3 {[%clk 01:31:42]} {[%emt 00:00:04]} Bb4 {[%clk
01:31:28]} {[%emt 00:00:09]} 4. exd5 {[%clk 01:32:00]} {[%emt 00:00:12]} exd5
{[%clk 01:30:38]} {[%emt 00:01:21]} 5. a3 {[%clk 01:32:12]} {[%emt 00:00:19]}
Bxc3+ {[%clk 01:30:36]} {[%emt 00:00:30]} 6. bxc3 {[%clk 01:32:41]} {[%emt
00:00:02]} c5 {[%clk 01:30:16]} {[%emt 00:00:51]} 7. Nf3 {[%clk 01:33:00]}
{[%emt 00:00:10]} Nc6 {[%clk 01:30:01]} {[%emt 00:00:45]} 8. Be2 {[%clk
01:32:30]} {[%emt 00:00:59]} Nf6 {[%clk 01:28:35]} {[%emt 00:01:56]} 9. Bg5
{[%clk 01:32:37]} {[%emt 00:00:23]} O-O {[%clk 01:27:50]} {[%emt 00:01:15]} 10.
O-O {[%clk 01:32:52]} {[%emt 00:00:14]} Bf5 {[%clk 01:24:45]} {[%emt 00:03:36]}
11. Rb1 {[%clk 01:32:10]} {[%emt 00:01:11]} b6 {[%clk 01:23:47]} {[%emt
00:01:28]} 12. Ne5 {[%clk 01:31:01]} {[%emt 00:01:38]} Qd6 {[%clk 01:20:39]}
{[%emt 00:03:40]} 13. Bf4 {[%clk 01:29:03]} {[%emt 00:02:28]} Qe6 {[%clk
01:15:41]} {[%emt 00:05:27]} 14. Nxc6 {[%clk 01:26:34]} {[%emt 00:02:59]} Qxc6
{[%clk 01:14:07]} {[%emt 00:02:05]} 15. Bb5 {[%clk 01:26:40]} {[%emt 00:00:25]}
Qb7 {[%clk 01:11:30]} {[%emt 00:03:05]} 16. Re1 {[%clk 01:25:30]} {[%emt
00:01:34]} Ne4 {[%clk 01:08:56]} {[%emt 00:03:11]} 17. Qf3 {[%clk 01:25:36]}
{[%emt 00:00:22]} a6 {[%clk 01:05:35]} {[%emt 00:03:52]} 18. Ba4 {[%clk
01:25:38]} {[%emt 00:00:25]} Rac8 {[%clk 01:01:28]} {[%emt 00:04:38]} 19. dxc5
{[%clk 01:25:51]} {[%emt 00:00:20]} Rxc5 {[%clk 01:00:55]} {[%emt 00:01:03]}
20. Be3 {[%clk 01:25:30]} {[%emt 00:00:50]} Ra5 {[%clk 00:55:31]} {[%emt
00:05:52]} 21. Qxf5 {[%clk 01:24:25]} {[%emt 00:01:37]} Rxa4 {[%clk 00:54:23]}
{[%emt 00:01:38]} 22. Rxb6 {[%clk 01:24:43]} {[%emt 00:00:12]} Qc7 {[%clk
00:53:01]} {[%emt 00:01:52]} 23. Qxd5 {[%clk 01:22:31]} {[%emt 00:02:41]} Nxc3
{[%clk 00:49:48]} {[%emt 00:03:44]} 24. Qb3 {[%clk 01:22:17]} {[%emt 00:00:36]}
Re4 {[%clk 00:46:55]} {[%emt 00:03:31]} 25. Rb7 {[%clk 01:21:00]} {[%emt
00:01:47]} Qc6 {[%clk 00:37:30]} {[%emt 00:09:56]} 26. Qb6 {[%clk 01:19:37]}
{[%emt 00:01:48]} Qa4 {[%clk 00:27:41]} {[%emt 00:10:23]} 27. Rb8 {[%clk
01:18:45]} {[%emt 00:01:22]} Qxa3 {[%clk 00:21:22]} {[%emt 00:06:50]} 28. Rxf8+
{[%clk 01:16:16]} {[%emt 00:02:59]} Qxf8 {[%clk 00:19:18]} {[%emt 00:02:34]}
29. Qxa6 {[%clk 01:15:37]} {[%emt 00:01:09]} Qd8 {[%clk 00:15:47]} {[%emt
00:03:57]} 30. Qc6 {[%clk 01:15:25]} {[%emt 00:00:42]} Nd5 {[%clk 00:13:05]}
{[%emt 00:03:11]} 31. Rd1 {[%clk 01:15:21]} {[%emt 00:00:35]} Rb4 {[%clk
00:11:58]} {[%emt 00:01:39]} 32. h3 {[%clk 01:15:12]} {[%emt 00:00:39]} Qb8
{[%clk 00:08:19]} {[%emt 00:04:09]} 33. Qxd5 {[%clk 01:15:36]} {[%emt
00:00:07]} Rb1 {[%clk 00:07:37]} {[%emt 00:01:12]} 34. Rxb1 {[%clk 01:15:46]}
{[%emt 00:00:19]} Qxb1+ {[%clk 00:07:41]} {[%emt 00:00:27]} 35. Kh2 {[%clk
01:16:12]} {[%emt 00:00:01]} h6 {[%clk 00:06:38]} {[%emt 00:01:35]} 36. c4
{[%clk 01:16:20]} {[%emt 00:00:22]} Qb8+ {[%clk 00:07:01]} {[%emt 00:00:07]}
37. g3 {[%clk 01:16:48]} {[%emt 00:00:02]} Qb3 {[%clk 00:06:08]} {[%emt
00:01:23]} 38. Qb5 {[%clk 01:16:42]} {[%emt 00:00:34]} Qd3 {[%emt 00:00:21]}
39. Qe8+ {[%clk 01:17:01]} {[%emt 00:00:09]} Kh7 {[%clk 00:06:38]} {[%emt
00:00:12]} 40. Qxf7 {[%clk 01:17:28]} {[%emt 00:00:04]} Qd6 {[%clk 00:04:35]}
{[%emt 00:02:31]} 41. c5 {[%clk 01:17:47]} {[%emt 00:00:13]} Qc6 {[%clk
00:03:49]} {[%emt 00:01:16]} 42. Bd4 {[%clk 01:18:09]} 1-0

[Event "DVM U20 2020"]
[Site "Willingen GER"]
[Date "2021.06.26"]
[Round "6"]
[White "Stelmaszyk, Nico"]
[Black "Mätzkow, Maximilian Paul"]
[Result "1/2-1/2"]
[Termination "normal"]
[Board "6.1"]
[WhiteTitle "FM"]
[BlackTitle "FM"]
[WhiteElo "2299"]
[BlackElo "2231"]
[WhiteClock "00:42:25"]
[BlackClock "00:17:20"]
[WhiteTeam "SK Lehrte von 1919 e. V."]
[BlackTeam "SC Kreuzberg e.V."]
[PlyCount "54"]
[WhiteFideId "16200462"]
[BlackFideId "24679933"]
[EventCountry "GER"]
[EventRounds "7"]
[EventType "team-swiss"]
[EventDate "2021.06.23"]

1. e4 {[%clk 01:30:57]} {[%emt 00:00:02]} c5 {[%clk 01:30:58]} {[%emt
00:00:03]} 2. c3 {[%clk 01:31:20]} {[%emt 00:00:07]} Nf6 {[%clk 01:31:24]}
{[%emt 00:00:04]} 3. e5 {[%clk 01:31:45]} {[%emt 00:00:05]} Nd5 {[%clk
01:31:51]} {[%emt 00:00:02]} 4. Nf3 {[%clk 01:32:09]} {[%emt 00:00:06]} Nc6
{[%clk 01:31:21]} {[%emt 00:01:00]} 5. Bc4 {[%clk 01:32:34]} {[%emt 00:00:06]}
Nb6 {[%clk 01:30:48]} {[%emt 00:01:03]} 6. Bb3 {[%clk 01:31:49]} {[%emt
00:01:14]} d6 {[%clk 01:30:35]} {[%emt 00:00:44]} 7. exd6 {[%clk 01:32:10]}
{[%emt 00:00:09]} Qxd6 {[%clk 01:30:57]} {[%emt 00:00:07]} 8. O-O {[%clk
01:32:31]} {[%emt 00:00:10]} Be6 {[%clk 01:30:15]} {[%emt 00:01:12]} 9. a4
{[%clk 01:13:28]} {[%emt 00:19:32]} Bxb3 {[%clk 01:14:26]} {[%emt 00:16:20]}
10. Qxb3 {[%clk 01:13:45]} {[%emt 00:00:13]} c4 {[%clk 01:11:06]} {[%emt
00:03:51]} 11. Qb5 {[%clk 01:12:29]} {[%emt 00:01:45]} Qd5 {[%clk 00:49:58]}
{[%emt 00:21:38]} 12. Qxd5 {[%clk 01:08:49]} {[%emt 00:04:09]} Nxd5 {[%clk
00:50:20]} {[%emt 00:00:09]} 13. Na3 {[%clk 01:08:40]} {[%emt 00:00:39]} Na5
{[%clk 00:50:08]} {[%emt 00:00:41]} 14. Ne5 {[%clk 01:07:44]} {[%emt 00:01:26]}
Rc8 {[%clk 00:50:06]} {[%emt 00:00:32]} 15. d4 {[%clk 01:04:51]} {[%emt
00:03:24]} cxd3 {[%clk 00:48:30]} {[%emt 00:02:06]} 16. Nxd3 {[%clk 01:03:42]}
{[%emt 00:01:38]} Nb3 {[%clk 00:46:25]} {[%emt 00:02:36]} 17. Rb1 {[%clk
01:01:23]} {[%emt 00:02:49]} e6 {[%clk 00:46:14]} {[%emt 00:00:41]} 18. Nc2
{[%clk 01:01:41]} {[%emt 00:00:12]} Be7 {[%clk 00:42:32]} {[%emt 00:04:12]} 19.
Rd1 {[%clk 01:00:39]} {[%emt 00:01:31]} Rc4 {[%clk 00:33:08]} {[%emt 00:09:55]}
20. Ne3 {[%clk 00:46:04]} {[%emt 00:15:04]} Nxe3 {[%clk 00:33:03]} {[%emt
00:00:35]} 21. Bxe3 {[%clk 00:46:22]} {[%emt 00:00:12]} Rxa4 {[%clk 00:33:27]}
{[%emt 00:00:07]} 22. Nc1 {[%clk 00:45:27]} {[%emt 00:01:25]} Nxc1 {[%clk
00:23:55]} {[%emt 00:10:02]} 23. Rbxc1 {[%clk 00:45:48]} {[%emt 00:00:09]} Bf6
{[%clk 00:23:49]} {[%emt 00:00:36]} 24. g3 {[%clk 00:41:56]} {[%emt 00:04:22]}
O-O {[%clk 00:18:16]} {[%emt 00:06:02]} 25. Rd7 {[%clk 00:42:18]} {[%emt
00:00:09]} b6 {[%clk 00:18:27]} {[%emt 00:00:19]} 26. Rcd1 {[%clk 00:42:33]}
{[%emt 00:00:14]} Ra2 {[%clk 00:18:18]} {[%emt 00:00:39]} 27. R1d2 {[%clk
00:42:25]} {[%emt 00:00:39]} h6 {[%clk 00:17:20]} {[%emt 00:01:28]} 1/2-1/2

[Event "DVM U20 2020"]
[Site "Willingen GER"]
[Date "2021.06.26"]
[Round "6"]
[White "Dathe, Frederick"]
[Black "Meiwes, Thore"]
[Result "1/2-1/2"]
[Termination "normal"]
[Board "6.2"]
[WhiteElo "1992"]
[BlackElo "2054"]
[WhiteClock "00:59:18"]
[BlackClock "01:14:21"]
[WhiteTeam "SC Kreuzberg e.V."]
[BlackTeam "SK Lehrte von 1919 e. V."]
[PlyCount "42"]
[WhiteFideId "12963070"]
[BlackFideId "16201256"]
[EventCountry "GER"]
[EventRounds "7"]
[EventType "team-swiss"]
[EventDate "2021.06.23"]

1. c4 {[%clk 01:30:23]} {[%emt 00:00:36]} Nf6 {[%clk 01:30:54]} {[%emt
00:00:06]} 2. Nf3 {[%clk 01:30:07]} {[%emt 00:00:46]} e6 {[%clk 01:31:15]}
{[%emt 00:00:10]} 3. b3 {[%clk 01:29:32]} {[%emt 00:01:05]} d5 {[%clk
01:31:16]} {[%emt 00:00:28]} 4. Bb2 {[%clk 01:28:59]} {[%emt 00:01:04]} Be7
{[%clk 01:31:36]} {[%emt 00:00:08]} 5. g3 {[%clk 01:28:22]} {[%emt 00:01:08]}
O-O {[%clk 01:31:53]} {[%emt 00:00:13]} 6. Bg2 {[%clk 01:28:04]} {[%emt
00:00:48]} b6 {[%clk 01:32:14]} {[%emt 00:00:09]} 7. O-O {[%clk 01:27:39]}
{[%emt 00:00:56]} c5 {[%clk 01:32:35]} {[%emt 00:00:08]} 8. cxd5 {[%clk
01:27:16]} {[%emt 00:00:54]} Nxd5 {[%clk 01:32:51]} {[%emt 00:00:13]} 9. Nc3
{[%clk 01:25:37]} {[%emt 00:02:10]} Bb7 {[%clk 01:29:27]} {[%emt 00:03:52]} 10.
Rc1 {[%clk 01:23:44]} {[%emt 00:02:24]} Nd7 {[%clk 01:27:51]} {[%emt 00:02:05]}
11. Qc2 {[%clk 01:21:19]} {[%emt 00:02:57]} Rc8 {[%clk 01:26:50]} {[%emt
00:01:30]} 12. Rfd1 {[%clk 01:18:30]} {[%emt 00:03:19]} N7f6 {[%clk 01:23:41]}
{[%emt 00:03:36]} 13. Qb1 {[%clk 01:15:03]} {[%emt 00:04:01]} Nxc3 {[%clk
01:20:41]} {[%emt 00:03:30]} 14. dxc3 {[%clk 01:10:04]} {[%emt 00:05:29]} Qc7
{[%clk 01:20:50]} {[%emt 00:00:20]} 15. c4 {[%clk 01:09:53]} {[%emt 00:00:42]}
Be4 {[%clk 01:20:05]} {[%emt 00:01:13]} 16. Qa1 {[%clk 01:09:48]} {[%emt
00:00:36]} Rfd8 {[%clk 01:20:06]} {[%emt 00:00:29]} 17. Rxd8+ {[%clk 01:05:14]}
{[%emt 00:05:05]} Rxd8 {[%clk 01:18:44]} {[%emt 00:01:51]} 18. Rd1 {[%clk
01:05:03]} {[%emt 00:00:42]} Rxd1+ {[%clk 01:18:03]} {[%emt 00:01:11]} 19. Qxd1
{[%clk 01:05:23]} {[%emt 00:00:09]} Qb7 {[%clk 01:14:14]} {[%emt 00:04:16]} 20.
Qd2 {[%clk 01:00:52]} {[%emt 00:05:04]} h6 {[%clk 01:14:17]} {[%emt 00:00:26]}
21. h3 {[%clk 00:59:18]} {[%emt 00:02:05]} a6 {[%clk 01:14:21]} {[%emt
00:00:27]} 1/2-1/2

[Event "DVM U20 2020"]
[Site "Willingen GER"]
[Date "2021.06.26"]
[Round "6"]
[White "Reimer, Philip"]
[Black "Hommel, Niclas"]
[Result "1-0"]
[Termination "normal"]
[Board "6.3"]
[WhiteElo "1993"]
[BlackElo "2062"]
[WhiteClock "00:26:39"]
[BlackClock "00:10:03"]
[WhiteTeam "SK Lehrte von 1919 e. V."]
[BlackTeam "SC Kreuzberg e.V."]
[PlyCount "51"]
[WhiteFideId "16235860"]
[BlackFideId "12974927"]
[EventCountry "GER"]
[EventRounds "7"]
[EventType "team-swiss"]
[EventDate "2021.06.23"]

1. e4 {[%clk 01:30:57]} {[%emt 00:00:02]} c5 {[%clk 01:30:55]} {[%emt
00:00:05]} 2. Nf3 {[%clk 01:31:23]} {[%emt 00:00:05]} d6 {[%clk 01:31:20]}
{[%emt 00:00:05]} 3. d4 {[%clk 01:31:49]} {[%emt 00:00:04]} cxd4 {[%clk
01:31:47]} {[%emt 00:00:03]} 4. Nxd4 {[%clk 01:32:15]} {[%emt 00:00:04]} Nf6
{[%clk 01:32:11]} {[%emt 00:00:06]} 5. Nc3 {[%clk 01:32:41]} {[%emt 00:00:04]}
Nc6 {[%clk 01:32:37]} {[%emt 00:00:04]} 6. Bg5 {[%clk 01:33:06]} {[%emt
00:00:04]} e6 {[%clk 01:33:02]} {[%emt 00:00:05]} 7. Qd2 {[%clk 01:33:32]}
{[%emt 00:00:05]} Be7 {[%clk 01:33:27]} {[%emt 00:00:04]} 8. O-O-O {[%clk
01:33:56]} {[%emt 00:00:06]} Nxd4 {[%clk 01:33:54]} {[%emt 00:00:03]} 9. Qxd4
{[%clk 01:34:19]} {[%emt 00:00:07]} O-O {[%clk 01:34:20]} {[%emt 00:00:04]} 10.
f4 {[%clk 01:34:18]} {[%emt 00:00:31]} Qa5 {[%clk 01:34:45]} {[%emt 00:00:05]}
11. Bc4 {[%clk 01:34:37]} {[%emt 00:00:11]} Bd7 {[%clk 01:35:11]} {[%emt
00:00:05]} 12. e5 {[%clk 01:34:58]} {[%emt 00:00:08]} dxe5 {[%clk 01:35:37]}
{[%emt 00:00:04]} 13. fxe5 {[%clk 01:35:23]} {[%emt 00:00:05]} Bc6 {[%clk
01:36:03]} {[%emt 00:00:04]} 14. Bd2 {[%clk 01:35:47]} {[%emt 00:00:06]} Nd7
{[%clk 01:36:29]} {[%emt 00:00:04]} 15. Nd5 {[%clk 01:36:11]} {[%emt 00:00:06]}
Qd8 {[%clk 01:36:55]} {[%emt 00:00:04]} 16. Nxe7+ {[%clk 01:36:35]} {[%emt
00:00:06]} Qxe7 {[%clk 01:37:20]} {[%emt 00:00:05]} 17. Rhe1 {[%clk 01:36:49]}
{[%emt 00:00:16]} Rfd8 {[%clk 01:35:12]} {[%emt 00:02:38]} 18. Qg4 {[%clk
01:36:11]} {[%emt 00:01:09]} Nb6 {[%clk 01:30:51]} {[%emt 00:04:51]} 19. Bf1
{[%clk 01:32:36]} {[%emt 00:04:05]} Rd5 {[%clk 01:18:11]} {[%emt 00:13:09]} 20.
Bh6 {[%clk 01:32:04]} {[%emt 00:01:02]} g6 {[%clk 01:11:16]} {[%emt 00:07:25]}
21. h4 {[%clk 00:49:48]} {[%emt 00:42:47]} Qc5 {[%clk 00:49:17]} {[%emt
00:22:28]} 22. Rxd5 {[%clk 00:39:06]} {[%emt 00:11:12]} Nxd5 {[%clk 00:48:30]}
{[%emt 00:01:17]} 23. h5 {[%clk 00:35:26]} {[%emt 00:04:10]} Qf2 {[%clk
00:34:09]} {[%emt 00:14:52]} 24. Bd2 {[%clk 00:32:54]} {[%emt 00:03:01]} Ne3
{[%clk 00:11:23]} {[%emt 00:23:16]} 25. Qd4 {[%clk 00:27:55]} {[%emt 00:05:29]}
Nd1 {[%clk 00:10:03]} {[%emt 00:01:50]} 26. Qd3 {[%clk 00:26:39]} {[%emt
00:01:47]} 1-0

[Event "DVM U20 2020"]
[Site "Willingen GER"]
[Date "2021.06.26"]
[Round "6"]
[White "Flood, Yosime"]
[Black "Dornieden, Jonas"]
[Result "1/2-1/2"]
[Termination "normal"]
[Board "6.4"]
[WhiteElo "1697"]
[BlackElo "2079"]
[WhiteClock "00:35:42"]
[BlackClock "00:13:19"]
[WhiteTeam "SC Kreuzberg e.V."]
[BlackTeam "SK Lehrte von 1919 e. V."]
[PlyCount "85"]
[WhiteFideId "16269535"]
[BlackFideId "1336460"]
[EventCountry "GER"]
[EventRounds "7"]
[EventType "team-swiss"]
[EventDate "2021.06.23"]

1. c4 {[%clk 01:30:26]} {[%emt 00:00:34]} c6 {[%clk 01:30:54]} {[%emt
00:00:06]} 2. Nf3 {[%clk 01:30:39]} {[%emt 00:00:17]} d5 {[%clk 01:31:19]}
{[%emt 00:00:05]} 3. e3 {[%clk 01:31:01]} {[%emt 00:00:08]} Nf6 {[%clk
01:31:35]} {[%emt 00:00:14]} 4. Nc3 {[%clk 01:31:19]} {[%emt 00:00:11]} a6
{[%clk 01:31:56]} {[%emt 00:00:09]} 5. b3 {[%clk 01:26:18]} {[%emt 00:05:32]}
Bg4 {[%clk 01:30:01]} {[%emt 00:02:24]} 6. Be2 {[%clk 01:25:03]} {[%emt
00:01:45]} e6 {[%clk 01:30:11]} {[%emt 00:00:20]} 7. Bb2 {[%clk 01:21:28]}
{[%emt 00:04:05]} Nbd7 {[%clk 01:28:36]} {[%emt 00:02:05]} 8. d4 {[%clk
01:18:58]} {[%emt 00:03:00]} Bd6 {[%clk 01:25:28]} {[%emt 00:03:38]} 9. O-O
{[%clk 01:15:04]} {[%emt 00:04:25]} O-O {[%clk 01:23:56]} {[%emt 00:02:01]} 10.
a4 {[%clk 01:12:37]} {[%emt 00:02:57]} Re8 {[%clk 01:16:57]} {[%emt 00:07:29]}
11. Ba3 {[%clk 01:04:46]} {[%emt 00:08:21]} Bxa3 {[%clk 01:08:24]} {[%emt
00:09:03]} 12. Rxa3 {[%clk 01:05:09]} {[%emt 00:00:08]} Qa5 {[%clk 01:03:55]}
{[%emt 00:04:58]} 13. Qc2 {[%clk 00:50:01]} {[%emt 00:15:37]} b5 {[%clk
00:53:11]} {[%emt 00:11:15]} 14. b4 {[%clk 00:42:08]} {[%emt 00:08:23]} Qxb4
{[%clk 00:40:40]} {[%emt 00:13:01]} 15. Rb3 {[%clk 00:42:24]} {[%emt 00:00:15]}
Qe7 {[%clk 00:39:36]} {[%emt 00:01:33]} 16. cxb5 {[%clk 00:42:30]} {[%emt
00:00:24]} Bxf3 {[%clk 00:37:50]} {[%emt 00:02:17]} 17. bxc6 {[%clk 00:36:39]}
{[%emt 00:06:20]} Bxe2 {[%clk 00:33:13]} {[%emt 00:05:07]} 18. cxd7 {[%clk
00:36:53]} {[%emt 00:00:17]} Qxd7 {[%clk 00:31:21]} {[%emt 00:02:21]} 19. Qxe2
{[%clk 00:37:06]} {[%emt 00:00:17]} Rec8 {[%clk 00:27:41]} {[%emt 00:04:09]}
20. Rfb1 {[%clk 00:32:58]} {[%emt 00:04:39]} Ne8 {[%clk 00:24:43]} {[%emt
00:03:28]} 21. Qd3 {[%clk 00:24:14]} {[%emt 00:09:14]} Nd6 {[%clk 00:22:57]}
{[%emt 00:02:16]} 22. e4 {[%clk 00:23:26]} {[%emt 00:01:18]} dxe4 {[%clk
00:17:58]} {[%emt 00:05:30]} 23. Nxe4 {[%clk 00:23:49]} {[%emt 00:00:07]} Nxe4
{[%clk 00:17:51]} {[%emt 00:00:37]} 24. Qxe4 {[%clk 00:24:12]} {[%emt
00:00:07]} Qxa4 {[%clk 00:16:21]} {[%emt 00:02:00]} 25. Rb7 {[%clk 00:23:50]}
{[%emt 00:00:51]} Qe8 {[%clk 00:13:51]} {[%emt 00:03:01]} 26. Qe5 {[%clk
00:21:51]} {[%emt 00:02:29]} a5 {[%clk 00:12:29]} {[%emt 00:01:52]} 27. h4
{[%clk 00:19:03]} {[%emt 00:03:19]} h6 {[%clk 00:05:32]} {[%emt 00:07:27]} 28.
d5 {[%clk 00:14:54]} {[%emt 00:04:38]} exd5 {[%clk 00:04:49]} {[%emt 00:01:13]}
29. Qxd5 {[%clk 00:15:17]} {[%emt 00:00:07]} Rd8 {[%clk 00:04:26]} {[%emt
00:00:53]} 30. Qf3 {[%clk 00:15:24]} {[%emt 00:00:23]} Rab8 {[%clk 00:04:22]}
{[%emt 00:00:34]} 31. Rxb8 {[%clk 00:14:45]} {[%emt 00:01:09]} Rxb8 {[%clk
00:04:48]} {[%emt 00:00:04]} 32. Ra1 {[%clk 00:15:08]} {[%emt 00:00:07]} a4
{[%clk 00:03:19]} {[%emt 00:02:00]} 33. Qa3 {[%clk 00:14:57]} {[%emt 00:00:40]}
Qe4 {[%clk 00:02:46]} {[%emt 00:01:03]} 34. g3 {[%clk 00:13:34]} {[%emt
00:01:53]} Qd4 {[%clk 00:02:33]} {[%emt 00:00:43]} 35. Kg2 {[%clk 00:12:57]}
{[%emt 00:01:08]} Rb2 {[%clk 00:01:20]} {[%emt 00:01:42]} 36. Rf1 {[%clk
00:09:00]} {[%emt 00:04:26]} Rb3 {[%clk 00:01:37]} {[%emt 00:00:13]} 37. Qe7
{[%clk 00:09:19]} {[%emt 00:00:11]} Qd5+ {[%clk 00:01:43]} {[%emt 00:00:24]}
38. Kh2 {[%clk 00:09:32]} {[%emt 00:00:18]} a3 {[%clk 00:01:51]} {[%emt
00:00:22]} 39. Ra1 {[%clk 00:09:07]} {[%emt 00:00:55]} Qd4 {[%clk 00:00:42]}
{[%emt 00:01:39]} 40. Qe8+ {[%clk 00:08:42]} {[%emt 00:00:55]} Kh7 {[%clk
00:01:07]} {[%emt 00:00:06]} 41. Qxf7 {[%clk 00:09:03]} {[%emt 00:00:09]} Qd3
{[%clk 00:18:02]} {[%emt 00:13:34]} 42. h5 {[%clk 00:36:26]} {[%emt 00:03:07]}
Qc2 {[%clk 00:13:19]} {[%emt 00:05:12]} 43. Rc1 {[%clk 00:35:42]} {[%emt
00:01:15]} 1/2-1/2